| 000 | 00756nas a2200241 4500 | ||
|---|---|---|---|
| 001 | BR0502460 | ||
| 003 | BR-BrBNA | ||
| 005 | 20231205105331.0 | ||
| 007 | ta | ||
| 008 | 230509b bl.|||p| |||| 00| 00por d | ||
| 040 |
_aBR-BrBNA _bpor _cBiblioteca Nacional de Agricultura |
||
| 041 | _a(Pt) | ||
| 072 | _aE50 | ||
| 100 | 1 | _aAnon | |
| 245 | 1 | _aTurismo Rural. Uma visão estratégica do negócio. Exploração de atividade gera em média de três a 15 novos empregos na propriedade | |
| 650 | _aTURISMO | ||
| 650 | _aAGRONEGÓCIO | ||
| 650 | _aEMPREGO | ||
| 650 | _aSOCIOLOGIA RURAL | ||
| 773 | 0 |
_tAgroanalysis (Brazil) _xISSN 0100-4298 _g(Apr 2005), v.25(4) p. 21-22 _wBR0502460 |
|
| 909 |
_a202311 _bLúcia _c55 _dLúcia Elande |
||
| 942 |
_2AGRIS _n0 _cANA |
||
| 999 |
_c182411 _d182411 |
||